LEADER 01040nam0-22003371i-450- 001 990007677160403321 005 20130507135700.0 035 $a000767716 035 $aFED01000767716 035 $a(Aleph)000767716FED01 035 $a000767716 100 $a20030814d1968----km-y0itay50------ba 101 0 $aita 200 1 $a<>valutazione del danno alla persona$ecriteriologia e tabella delle invaliditā$eGiornate medico-legali di Como, 30 giugno-2 luglio 1967$fM. Duni, M. Cattabeni, G. Gentile 210 $aMilano$cGiuffre$d1968 215 $a37 p.$d24 cm 676 $a346 700 1$aDuni,$bMario$0224716 702 1$aCattabeni,$bCaio Mario 702 1$aGentile,$bGuido 801 0$aIT$bUNINA$gRICA$2UNIMARC 901 $aBK 912 $a990007677160403321 952 $aDPR 9-138$b041516$fDEC 952 $a19-B-17BIS$b97$fDDCP 952 $a19-B-17$b1585 CIV.$fDDCP 952 $aA-IV-N-19$b436$fDDRC 959 $aDDCP 959 $aDDRC 996 $aValutazione del danno alla persona$9681003 997 $aUNINA LEADER 01086nam--2200361---450- 001 990005842520203316 005 20130514133423.0 010 $a978-981-4335-06-5 035 $a000584252 035 $aUSA01000584252 035 $a(ALEPH)000584252USA01 035 $a000584252 100 $a20130514d2011----km-y0itay50------ba 101 $aeng 102 $aSG 105 $a||||||||001yy 200 1 $aASEAN matters$ereflecting on the association of Southeast Asian nations$feditor Lee Yoong Yoong 210 $aHackensack$aLondon$cWorld Scientific$d2011 215 $aXXVI, 325 p.$d23 cm 606 0 $aASEAN$2BNCF 676 $a337.159 702 1$aLEE,$bYoong Yoong 801 0$aIT$bsalbc$gISBD 912 $a990005842520203316 951 $aXXIII.2.D. 604$b76862 G.$cXXIII.2.D.$d00292234 959 $aBK 969 $aGIU 979 $aCHIARA$b90$c20130514$lUSA01$h1059 979 $aCHIARA$b90$c20130514$lUSA01$h1327 979 $aCHIARA$b90$c20130514$lUSA01$h1332 979 $aCHIARA$b90$c20130514$lUSA01$h1334 996 $aASEAN matters!$9257574 997 $aUNISA